000 01119nam a2200313 i 4500
001 39259
003 Mx-PuUPA
005 20260217163317.0
008 140415s2021 mx a gr 001 0 spa d
020 _a9788413971223
040 _cMx-PuUPA
_aMx-PuUPA
_bspa
_dMx-PuUPA
_erda
041 0 _aspa
043 _an-mx---
100 1 _aCruz Barney, Oscar,
_eautor
_9844
245 1 0 _aHistoria del derecho en México /
_cOscar Cruz Barney
250 _a1a. edición
264 1 _aCiudad de México :
_bTirant lo Blanch,
_c©2021
300 _a1563 páginas :
_bilustraciones ;
_c24 cm
336 _2rdacontent
_atexto
_btxt
337 _2rdamedia
_asin medio
_bn
338 _2rdacarrier
_avolumen
_bnc
650 7 _2armarc
_aDerecho
_zMéxico
_xHistoria
651 4 _aMéxico
_xDerecho
_xHistoria
942 _2ddc
_cLI
_h349.72
_iC55
999 _c39259
_d39259